| 000 | 00988cam7a220025300 4500 | ||
|---|---|---|---|
| 001 | lce00551957 | ||
| 008 | 831019s1959 nyua b 000 0 eng | ||
| 010 | _a 59006776 //r83 | ||
| 035 | _a(Sirsi) r66037 | ||
| 035 | _a(DLC) 59006776 //r83 | ||
| 035 | _a(UPRA)lce00551957 | ||
| 040 |
_aDLC/ICU _cICU _dUPRA |
||
| 050 | 0 |
_aQR181 _b.V27 1958 |
|
| 082 | 0 | _a615.37082 | |
| 110 | 2 |
_bSchool of Medicine. _6A15401.1 |
|
| 245 | 1 | 0 |
_aImmunity and virus infection : _bsymposium held at Vanderbilt University School of Medicine, May 1-2, 1958 [and] sponsored by National Foundation for Infantile Paralysis, inc / _cedited by Victor A. Najjar. |
| 260 |
_aNew York : _bWiley, _c[1959] |
||
| 504 | _aIncludes bibliographies. | ||
| 650 | 0 |
_aImmunity. _6S7046.1 |
|
| 650 | 0 |
_aViruses. _6S4500.1 |
|
| 700 | 1 |
_aNajjar, V. A. (Victor A.), 1914- _qNajjar, V. A. (Victor A.), 1914- _dNajjar, V. A. (Victor A.), 1914- _6A26410.1 |
|
| 949 |
_aQR181 _wLC _i-88285 _mMEDICAL _tBOOK _lON-SHELF |
||
| 004 | 66037 | ||
| 999 |
_c53980 _d53980 |
||